Score 0/42 Timer 07:00
0 Plays Today
Hint Answer % Correct
Flag ColourRed
96.2%
Flag ColourGreen
95.2%
Flag ColourGold
94.5%
Major Ethnic GroupBlack (African)
93.8%
Flag ColourBlack
92.9%
Official LanguageEnglish
85.4%
Bordering CountryBrazil
83.3%
Bordering CountrySuriname
82.1%
Bordering CountryVenezuela
79.7%
Primary ContinentSouth America
78.3%
Independence FromUnited Kingdom
78.3%
Drives on the...Left
77.8%
Capital and Largest CityGeorgetown
77.1%
CurrencyGuyanese dollar
69.4%
DemonymGuyanese
63.2%
Internet Country Code.gy
61.6%
Number of Regions10
57.1%
Major Ethnic GroupEast Indian
57.1%
Year of Independence1966
53%
Population 2016 estimate (nearest 100,000)773,303
48.3%
Infamous Mass Suicide CultJonestown
44.8%
Hint Answer % Correct
National LanguageGuyanese Creole
43.7%
Year Became Republic1970
42.7%
Lowest Point (0m)Atlantic Ocean
36.7%
Major Ethnic GroupAmerindian
36.7%
Official NameCo-operative Republic of Guyana
32.4%
Year Hosted Cricket World Cup2007
31%
Highest Waterfall (226m)Kaieteur Falls
27.4%
Longest RiverEssequibo
26.9%
Originating Colonial SettlementEssequibo
26.9%
PresidentDavid Granger
23.1%
MottoOne people, one nation, one destiny
22.7%
Originating Colonial SettlementDemerara
21%
National AnthemDear Land of Guyana, of Rivers and Plains
20.7%
Independence DayMay 26
20.7%
Prime MinisterMoses Nagamootoo
20.3%
Highest Point (2,835m)Mount Roraima
18.8%
Originating Colonial SettlementBerbice
18.1%
First Elected PresidentCheddi Jagan
17.9%
International Football Membership in...CONCACAF
15.7%
National FlowerVictoria Regia Lily
15%
National BirdCanje Pheasant
10.8%
Remove Ads.
Support Sporcle.
Get the best of Sporcle when you Go Orange. This ad-free experience offers more features, more stats, and more fun while also helping to support Sporcle. Thank you for becoming a member.

You're not logged in!

Compare scores with friends on all Sporcle quizzes.
OR
Log In

Show Comments

Extras

Top Quizzes Today


Score Distribution

Your Account Isn't Verified!

In order to create a playlist on Sporcle, you need to verify the email address you used during registration. Go to your Sporcle Settings to finish the process.

Report this User

Report this user for behavior that violates our Community Guidelines.

Details: